000
00265nam a22001217a 4500
008
171021b xxu||||| |||| 00| 0 eng d
041
_a
eng
080
_a
658
100
_a
54
101
_a
LID
245
_a
THE LEADERSHIP EXPERIENCE
_c
DAFT, R.L
942
_2
udc
_c
BK
999
_c
35277
_d
35277